[Event "Festival Szmetan-Giardelli 2018"]
[Site "Buenos Aires"]
[Date "2018.12.08"]
[Round "5"]
[White "Mareco, Sandro"]
[Black "Darcyl, Tomas"]
[Result "1-0"]
[WhiteElo "2656"]
[BlackElo "2366"]
[Annotator "TA"]
[PlyCount "57"]
[EventDate "2018.12.04"]
[EventType "tourn"]
[EventCountry "ARG"]
[SourceTitle "playchess.com"]
[Source "ChessBase"]
[SourceQuality "1"]

{[%evp 18,57,39,38,36,51,146,161,184,183,185,183,187,186,189,161,160,168,166,143,152,143,139,150,135,135,141,108,110,118,137,140,245,265,394,422,412,389,571,564,29977,29977]} 1. c4 Nf6 2. Nc3 d5 3. cxd5 Nxd5 4. g3 g6 5. Bg2 Nxc3 6. bxc3 Bg7 7. Rb1 Nc6 8. h4 {A16: English Opening: 1...Nf6 with ...d5} (8. Nf3 O-O 9. Qa4 Qd7 10. d4 Nxd4 11. Qxd7 Nxf3+ 12. Bxf3 Bxd7 13. Rxb7 Bxc3+ 14. Bd2 Be5 15. Bf4 Bxf4 16. gxf4 {½-½ (28) Topalov,V (2749)-Mamedyarov,S (2800) Paris 2017}) 8... h6 9. d4 O-O 10. Nf3 {LiveBook: 4 Games. White is slightly better.} e5 11. O-O Bf5 $146 (11... exd4 $14 12. Nxd4 Nxd4 13. cxd4 Qxd4) ({Predecessor:} 11... exd4 12. cxd4 Rb8 13. d5 Bf5 14. Rb3 Ne7 15. Nd4 Bg4 {½-½ (71) Disu,K (1910)-Calvert,D (1984) London 2015}) 12. Rxb7 $16 Be4 {[%cal Re5d4]} 13. Nxe5 Bxg2 14. Kxg2 Qc8 15. Rb5 ({Resist} 15. Nxc6 $6 Qxb7 16. d5 Qa6 $14) 15... Qa6 16. a4 Nxe5 17. dxe5 Rad8 18. Qc2 Qc6+ 19. Kg1 a6 20. Rb4 Rfe8 21. Bf4 Rd5 22. Qb3 Rc5 23. Rc1 Bxe5 24. Bxh6 Bxc3 {[#]} (24... a5 $16 25. Rb8 Rxb8 26. Qxb8+ Kh7) 25. Rb8 $1 $18 {Hoping for Rxc3!} ({Don't do} 25. Rf4 $6 Re7) 25... Rxb8 (25... Bd4 $142) 26. Qxb8+ Kh7 27. Bf8 Rc4 {[#]} (27... Rf5 {was worth a try.} 28. Qb3 (28. Bb4 Rxf2 29. Kxf2 Bd4+ {[%mdl 64] Discovered Attack} 30. e3 Qxc1 $14) 28... Qe8 29. Rxc3 Qxf8 30. Rxc7 Rf6) 28. Qb3 $1 {aiming for Rxc3!} a5 {[#]} 29. Rxc3 $1 {[%mdl 512] Accuracy: White = 87%, Black = 44%.} 1-0

[Event "Festival Szmetan-Giardelli 2018"]
[Site "Buenos Aires"]
[Date "2018.12.08"]
[Round "5"]
[White "Granda Zuniga, Julio E"]
[Black "El Debs, Felipe de Cresce"]
[Result "1-0"]
[WhiteElo "2650"]
[BlackElo "2544"]
[Annotator "TA"]
[PlyCount "81"]
[EventDate "2018.12.04"]
[EventType "tourn"]
[EventCountry "ARG"]
[SourceTitle "playchess.com"]
[Source "ChessBase"]
[SourceQuality "1"]

{[%evp 24,81,54,55,55,54,55,55,55,50,83,76,76,69,158,118,96,121,121,125,144,80,118,115,188,125,244,228,188,238,253,253,308,310,304,322,370,328,346,350,344,335,370,371,351,322,398,396,345,277,682,682,672,660,547,601,581,497,536,508]} 1. d4 Nf6 2. c4 e6 3. Nc3 Bb4 4. e3 O-O 5. Bd3 c5 6. Nf3 {[%cal Bg1f3,Bf3e1,Be1g2,Bg2e3,Be3f5][%mdl 32]} Nc6 7. O-O Bxc3 8. bxc3 d6 9. e4 e5 10. d5 Ne7 11. Ne1 {E41: Nimzo-Indian: Rubinstein: 4...c5 5 Bd3, including Hübner Variation} (11. Nh4 Ng6 12. Nf5 Bxf5 13. exf5 Ne7 14. g4 a6 15. g5 Nd7 16. Qg4 b5 17. Qh3 bxc4 18. Be4 Rb8 19. Kh1 Nb6 20. Rg1 Nbxd5 {1-0 (38) Navara,D (2725)-Chigaev,M (2531) Tallinn 2016}) 11... Ne8 12. g4 Ng6 13. Ng2 {LiveBook: 3 Games. White is slightly better.} h6 {[#]} 14. h3 $146 {[%cal Bh2h3,Bh3h4][%mdl 32]} ({Predecessor:} 14. Qf3 Nh4 15. Qg3 Nxg2 16. Kxg2 g5 17. Rh1 Ng7 18. h4 f6 19. hxg5 hxg5 {½-½ (68) Nakamura,H (2520)-Perelshteyn,E (2442) Southampton 2003}) 14... Nf6 15. Qf3 Nh7 16. Qg3 f6 17. h4 Nh8 18. Ne3 g5 (18... Nf7 $14) 19. Nf5 Ng6 20. Nxh6+ Kg7 {[#]} 21. Nf5+ $1 Bxf5 22. exf5 (22. gxf5 $142 Nxh4 23. f4) 22... Nf4 23. Qf3 Re8 (23... Qa5 $16 {was called for.}) 24. Re1 (24. Bxf4 $18 exf4 25. h5) 24... Qa5 (24... Nxd3 $16 25. Qxd3 gxh4) 25. Bxf4 $18 exf4 26. Re6 Qxc3 27. Rb1 b6 28. Qe4 (28. Rxd6 gxh4 29. g5 Rad8 $16) 28... Kf7 29. h5 ({Less strong is} 29. Re1 Qe5 $16) 29... Nf8 30. Re1 Qe5 31. Qxe5 (31. Rxe5 Rxe5 32. Qxe5 fxe5 $14) 31... dxe5 32. Rc6 Rac8 33. Be4 Red8 34. Kg2 Nh7 35. Rd1 Nf8 ({Weaker is} 35... Rxc6 36. dxc6 Ke7 37. Bd5 $16) 36. h6 Nh7 $2 {[#]} (36... Rxc6 37. dxc6 Ke7) 37. d6 {White is clearly winning.} Rxc6 38. Bd5+ Kf8 39. Bxc6 Kf7 40. Bd5+ Ke8 41. Bg8 {Accuracy: White = 85%, Black = 36%.} 1-0

[Event "Festival Szmetan-Giardelli 2018"]
[Site "Buenos Aires"]
[Date "2018.12.08"]
[Round "5"]
[White "Flores, Diego"]
[Black "Perez Ponsa, Federico"]
[Result "0-1"]
[WhiteElo "2631"]
[BlackElo "2554"]
[Annotator "TA"]
[PlyCount "66"]
[EventDate "2018.12.04"]
[EventType "tourn"]
[EventCountry "ARG"]
[SourceTitle "playchess.com"]
[Source "ChessBase"]
[SourceQuality "1"]

{[%evp 19,66,25,25,30,33,23,28,24,29,25,38,36,46,43,48,53,58,56,79,72,111,110,113,105,100,112,125,111,131,111,136,139,202,195,212,212,218,217,218,214,210,192,203,193,177,11,14,-29992,-29993]} 1. c4 g6 2. g3 Bg7 3. Bg2 Nf6 4. Nc3 O-O 5. b3 c6 6. Bb2 {A16: English Opening: 1...Nf6 with ...d5} d5 7. Nf3 b6 8. O-O Bb7 9. d4 Nbd7 10. Qc2 e6 {LiveBook: 7 Games} 11. Rfd1 Rc8 12. e4 Nxe4 13. Nxe4 dxe4 14. Qxe4 {[#]} Ba8 $146 ({Predecessor:} 14... Qc7 15. Qc2 Rfd8 {½-½ (57) Eljanov,P (2703)-Dubov,D (2614) Loo 2013}) 15. Qc2 Qe7 16. Re1 Rfd8 17. Rad1 Qf8 18. c5 bxc5 19. Ba3 Nb6 20. Bxc5 Qe8 21. Ne5 Rc7 22. h4 Nd5 23. Bh3 Kh8 24. Rd2 a6 25. Rde2 Bb7 {[#]} (25... Bf8 $16 {was worth a try.} 26. Nd3 Bb7) 26. Nxf7+ $1 $18 Rxf7 27. Bxe6 Qg8 28. Bxf7 Qxf7 {[#]} 29. Re7 $1 {[%cal Re7f7][%mdl 512]} Nxe7 30. Rxe7 Qf3 {Strongly threatening ...Bc8.} 31. Rxb7 Re8 {( -> ...Re1+)} 32. Kh2 $2 ({White should play} 32. Qc1 $18) 32... Bf6 $1 $11 33. Rf7 $2 {[%mdl 8192]} ({Don't blunder} 33. Qd2 $2 Re2 $19) (33. Bd6 $11) 33... Re1 {Accuracy: White = 57%, Black = 53%.} 0-1

[Event "Festival Szmetan-Giardelli 2018"]
[Site "Buenos Aires"]
[Date "2018.12.08"]
[Round "5"]
[White "Iturrizaga Bonelli, Eduardo"]
[Black "Slipak, Sergio"]
[Result "1-0"]
[WhiteElo "2628"]
[BlackElo "2421"]
[Annotator "TA"]
[PlyCount "85"]
[EventDate "2018.12.04"]
[EventType "tourn"]
[EventCountry "ARG"]
[SourceTitle "playchess.com"]
[Source "ChessBase"]
[SourceQuality "1"]

{[%evp 20,85,36,35,54,43,106,88,109,95,158,168,273,275,263,237,277,258,262,267,253,259,260,254,239,170,179,139,131,104,217,223,197,222,220,195,181,189,215,219,228,225,258,239,239,229,329,321,289,281,327,342,510,526,709,441,712,690,678,656,29987,29988,29988,29989,29989,29990,29990,29991]} 1. c4 e6 2. Nf3 d5 3. d4 Nf6 4. g3 Be7 5. Bg2 O-O 6. Qc2 b6 7. O-O Bb7 8. cxd5 exd5 9. Nc3 Na6 10. Bf4 {E18: Queen's Indian: Old Main Line (4 g3 Bb7 5 Bg2 Be7 6 0-0 0-0 7 Nc3)} (10. Rd1 c5 11. Bf4 Qc8 12. Rac1 Rd8 13. a3 h6 14. h4 Ne4 15. dxc5 Nxc3 16. Qxc3 bxc5 17. b4 Bf6 18. Be5 Bxe5 19. Nxe5 cxb4 20. Qd4 Qe6 21. axb4 Qd6 {1-0 (59) Grischuk,A (2772)-Li,Y (2392) China 2017}) 10... c5 11. Rac1 {LiveBook: 5 Games} Rc8 12. Bh3 {White is slightly better.} c4 $146 (12... Ra8 $14) ({Predecessor:} 12... Ra8 13. Rfd1 Nb4 14. Qb1 c4 15. b3 Re8 16. Nb5 Bf8 17. Re1 Ne4 18. bxc4 dxc4 19. Rxc4 Nxf2 20. Kxf2 Bxf3 21. Rxb4 {1-0 (33) Casella,M (2249)-Taylor,T (2314) Los Angeles 2011}) 13. Ne5 Rb8 14. b3 Nc7 (14... cxb3 $142 15. Qxb3 Nc7) 15. bxc4 $16 Ne6 {[#]} (15... dxc4 $142 16. Nxc4 Ra8) 16. Nxf7 $1 $18 {[%mdl 512]} Kxf7 (16... Rxf7 17. Bxe6) 17. Bxb8 Qxb8 18. Bxe6+ $1 Kxe6 19. cxd5+ Kf7 20. Qb3 {Hoping for d6+.} ({Weaker is} 20. Qf5 Qc8 $14) 20... Qd6 21. e4 Qb4 22. Qxb4 Bxb4 23. f3 Ba6 24. Rfd1 Ba3 {[#]} (24... g5 $16) 25. Rb1 $1 Rc8 26. Rb3 Be7 27. Nb5 Bxb5 28. Rxb5 Rc2 {[#]} 29. d6 $1 Bxd6 30. e5 Rxa2 31. exf6 Kxf6 {[%mdl 4096] Endgame KRR-KRB} 32. Re1 Rd2 (32... Rc2 $142 33. Ra1 Bb8) 33. Rd5 Bb4 34. Re4 Bc3 35. g4 {[%cal Bg3g4,Bg4g5][%mdl 32]} h6 (35... h5 {keeps fighting.} 36. Rf5+ (36. Rxh5 Bxd4+ 37. Kf1 Bc5 $18) 36... Kg6 37. Re6+ (37. Rxh5 Bxd4+ 38. Kf1 Bc5 $18) 37... Kh7 38. Rxh5+ Kg8) 36. h4 h5 37. Rd6+ Kf7 38. g5 {White threatens g6+ and mate.} g6 39. Kf1 a5 40. Rf6+ {White mates.} Kg7 41. Re7+ Kg8 42. Re8+ Kg7 43. Ref8 {Precision: White = 96%, Black = 35%.} 1-0

[Event "Festival Szmetan-Giardelli 2018"]
[Site "Buenos Aires"]
[Date "2018.12.09"]
[Round "5"]
[White "Bacallao Alonso, Yusnel"]
[Black "Hoffman, Alejandro"]
[Result "1-0"]
[WhiteElo "2582"]
[BlackElo "2470"]
[Annotator "TA"]
[PlyCount "122"]
[EventDate "2018.12.04"]
[EventType "tourn"]
[EventCountry "ARG"]
[SourceTitle "playchess.com"]
[Source "ChessBase"]
[SourceQuality "1"]

{[%evp 21,122,6,27,20,27,0,0,0,0,0,16,0,0,0,0,0,28,36,66,0,0,0,17,11,1,0,51,68,46,32,20,0,0,0,0,0,0,0,0,-2,74,78,85,77,99,91,104,95,84,99,94,64,69,64,64,64,64,64,64,64,72,64,94,64,99,66,86,38,127,80,176,160,141,8,8,11,25,8,8,8,88,8,8,8,8,8,8,0,8,8,8,36,29962,29962,29974,29972,29973,29976,29974,29977,29977,0,29995]} 1. Nf3 c5 2. c4 g6 3. Nc3 Bg7 4. e3 Nf6 5. d4 O-O 6. Be2 cxd4 7. Nxd4 Nc6 8. O-O d6 9. b3 Bd7 10. Bf3 Rb8 11. Bb2 a6 {LiveBook: 4 Games} 12. Rc1 {A35: Symmetrical English: 2 Nc3 Nc6 3 Nf3} (12. Nd5 Ne8 13. Qd2 e6 14. Nb4 Ne5 15. Be2 f5 16. Rad1 Nf6 17. Nd3 Nf7 18. Qb4 g5 19. f4 g4 {0-1 (65) Andreasen,P (2239)-Kosintseva,T (2570) Caleta 2011}) 12... Qa5 13. a3 Rfc8 14. Re1 Qd8 $146 ({Predecessor:} 14... e6 15. Be2 Nxd4 16. exd4 Qd8 17. d5 Ne4 18. Bg4 Nxc3 19. Bxc3 e5 20. Bxd7 Qxd7 21. Bb4 b5 {½-½ (21) Zalcik,V (2312)-Budkin,G (2309) ICCF email 2011}) 15. h3 Na5 16. Nd5 Nxd5 17. Bxd5 e6 18. Bf3 Qb6 19. Bc3 e5 20. Bxa5 ({Better is} 20. Qd2 $14 Nc6 21. Nxc6 Bxc6 22. Ba5 (22. Qxd6 Rd8 $14)) 20... Qxa5 $11 21. Nc2 Rd8 22. Bd5 Bc6 23. Nb4 Bxd5 (23... Qxa3 $11 24. Nxc6 bxc6 25. Bxc6 Qxb3) 24. Nxd5 $14 Qxa3 25. b4 e4 26. Qg4 Re8 27. Qd7 Red8 28. Qe7 Be5 29. Red1 Qa4 30. Qh4 f5 (30... Re8 $11) 31. c5 $16 dxc5 32. Ne7+ Kf7 33. Qxh7+ {[%mdl 64] Double Attack} Ke6 34. Nd5 {[%csl Gd5][%cal Rh7e7]} ({Of course not} 34. Qxg6+ $6 Kxe7 35. Qh7+ Ke6 $11) 34... Qe8 35. Rxc5 Qf7 36. Nc7+ (36. Qh4 {looks sharper.} Qf6 37. Qxf6+ Bxf6 38. Nf4+ Kf7 39. Rc7+) 36... Bxc7 $1 {[%cal Rd8d1]} 37. Qxf7+ Kxf7 {[%cal Rd8d1]} 38. Rxc7+ Kf6 39. Rxd8 Rxd8 40. Rxb7 $14 {[%mdl 4096] Endgame KR-KR} Rd1+ 41. Kh2 Kg5 42. Rb6 Rb1 43. Kg3 Rb2 44. f3 exf3 (44... Re2 $1 $14) 45. h4+ Kh5 (45... Kh6 $16 {was necessary.} 46. gxf3 (46. Kxf3 Kh5 $16) 46... Kh5) 46. gxf3 $18 Rb1 47. Kf4 (47. Rb8 $1 $16 {[%cal Rb8h8]} Kh6 48. Kf4) 47... Rh1 $11 48. Ke5 (48. Rb8 {is more complex.} Rxh4+ 49. Ke5 Rc4 50. e4 Kg5 51. exf5 gxf5 52. Rg8+) 48... Rxh4 49. f4 Rh1 50. Rxa6 Rd1 {[#]} (50... Rb1 $11 {remains equal.}) 51. Rd6 ({White should play} 51. Ra2 $1 $16) 51... Rb1 $1 52. Rd4 Kg4 53. Rc4 Rb3 54. Kd4 Kf3 55. Kc5 {Strongly threatening b5.} Rxe3 56. b5 {[%cal Bb4b5,Bb5b6,Bb6b7][%mdl 32] Threatens to win with b6.} Kg4 $2 {[%mdl 8192]} (56... Re8 $14) 57. b6 g5 58. fxg5+ Kxg5 59. b7 Re8 {[#]} 60. Kb6 $1 Rb8 61. Kc6 $2 (61. Rc8 {mates} Rxb7+ 62. Kxb7 Kf4 63. Kc6 Ke4 64. Kc5 f4 65. Kc4 Kf3 66. Kd3) 61... Rc8+ $2 {[%mdl 8192] Accuracy: White = 53%, Black = 51%.} (61... f4 $11) 1-0

[Event "Festival Szmetan-Giardelli 2018"]
[Site "Buenos Aires"]
[Date "2018.12.09"]
[Round "5"]
[White "Pichot, Alan"]
[Black "Bachmann, Axel"]
[Result "1/2-1/2"]
[WhiteElo "2562"]
[BlackElo "2621"]
[Annotator "TA"]
[PlyCount "92"]
[EventDate "2018.12.04"]
[EventType "tourn"]
[EventCountry "ARG"]
[SourceTitle "playchess.com"]
[Source "ChessBase"]
[SourceQuality "1"]

{[%evp 14,92,5,7,45,49,46,52,56,0,0,0,0,0,0,4,33,28,53,55,43,58,55,52,53,45,84,79,84,66,73,66,65,65,83,69,91,89,73,-37,-52,-56,-57,-52,0,-118,-118,-144,0,0,-7,-47,103,0,0,-66,-73,-67,-63,-65,-38,-64,0,-40,0,0,0,0,0,0,0,0,0,0,0,0,0,0,0,0,0]} 1. e4 d6 2. d4 Nf6 3. Nc3 g6 4. f4 Bg7 5. Nf3 O-O 6. Be3 b6 7. Qe2 {B09: Pirc Defence: Austrian Attack} Ba6 8. Qd2 {LiveBook: 13 Games} Bxf1 $146 ({Predecessor:} 8... Bb7 9. Bd3 c5 10. O-O-O Ng4 11. Bg1 cxd4 12. Nxd4 e5 13. Nde2 exf4 14. Nxf4 Nd7 15. Kb1 Nc5 16. Nfd5 Nf6 17. Bf2 Nxd5 18. Nxd5 Bxd5 19. exd5 Qf6 20. Bf1 {0-1 (20) Bareev,E (2653)-Tkachiev,V (2661) Ajaccio 2007}) 9. Rxf1 {White is slightly better.} c5 10. O-O-O Nc6 11. Qe1 (11. Qe2 $14) 11... Ng4 $11 12. Bg1 cxd4 13. Nxd4 Nxd4 14. Bxd4 e5 15. fxe5 Qg5+ 16. Kb1 dxe5 17. Bg1 Nf6 18. Rd6 Nh5 19. g3 Rad8 20. Be3 Qe7 21. Rc6 Qd7 22. Nd5 Qg4 23. Bd2 f5 24. Ne7+ Kh8 25. exf5 Rd7 26. Rxg6 (26. Re6 $16) 26... hxg6 $15 27. Nxg6+ Kg8 28. Nxf8 Bxf8 (28... Kxf8 $15 29. Bc1 Rd5) 29. Bc3 (29. Bc1 $11 {remains equal.}) 29... e4 $17 30. a3 {next h3! is good for White.} Kf7 (30... Bc5 $17 31. Qc1 e3) 31. h3 $11 Qxh3 32. Qe2 {[#] Black must now prevent Qc4+.} Kg8 (32... Bc5 $15 {stays ahead.} 33. Re1 Nxg3 34. Qc4+ Kf8) 33. Qc4+ ({White should try} 33. g4 $16 Ng3 {[%mdl 64] Double Attack} 34. Qc4+ Kh7 35. Rc1 Qxg4 36. Qe6) 33... Rf7 34. Re1 (34. f6 $11) 34... Qxf5 $15 35. g4 Qxg4 36. Rxe4 Qd1+ 37. Ka2 Ng7 (37... Qf1 $15 38. Re2 Bg7 39. Re8+ Kh7 40. Qxf1 Rxf1) 38. Rh4 (38. Bxg7 $5 Bxg7 39. Qc8+ Bf8 40. Rg4+ Kh8 41. Rh4+ Kg8 42. Rg4+ Rg7 43. Qc4+ Kh8 44. Rh4+ Rh7 45. Rg4 $11) 38... Qd7 39. Rh6 $40 {[%mdl 128] The position is equal. White is up to no good.} b5 40. Qh4 {[%csl Gh4][%cal Rh6h8] [#]} Qd5+ 41. b3 {[%csl Gh4][%cal Rh6h8]} Rf3 42. Rh8+ Kf7 43. Qh7 {Threatens to win with Qg8+.} Qf5 44. Qg8+ Kg6 45. Qh7+ Kf7 46. Qg8+ Kg6 {Accuracy: White = 63%, Black = 58%.} 1/2-1/2

[Event "Festival Szmetan-Giardelli 2018"]
[Site "Buenos Aires"]
[Date "2018.12.09"]
[Round "6"]
[White "Bachmann, Axel"]
[Black "Mareco, Sandro"]
[Result "0-1"]
[WhiteElo "2621"]
[BlackElo "2656"]
[Annotator "TA"]
[PlyCount "66"]
[EventDate "2018.12.04"]
[EventType "tourn"]
[EventCountry "ARG"]
[SourceTitle "playchess.com"]
[Source "ChessBase"]
[SourceQuality "1"]

{[%evp 17,66,-20,0,-8,-4,-11,-8,-37,-23,-39,-21,0,25,-36,25,0,0,-30,-28,-39,-31,-44,-38,-41,-21,-71,-69,-62,-70,-110,-118,-106,-104,-164,-158,-291,-285,-334,-345,-321,-313,-342,-312,-307,-300,-411,-352,-472,-443,-854,-550]} 1. d4 Nf6 2. Nf3 e6 {[%cal Be7e6,Be6e5][%mdl 32]} 3. c4 c5 4. g3 cxd4 5. Nxd4 d5 {[%cal Bd7d5,Bd5d4,Bd4d3][%mdl 32]} 6. Bg2 e5 7. Nb3 d4 8. O-O Nc6 {E01: Catalan: Early deviations} 9. e3 (9. Bg5 Be7 10. e3 Bg4 11. Qd2 O-O 12. exd4 exd4 13. Bxc6 bxc6 14. Qxd4 Qc8 15. Re1 Rd8 16. Qe3 {½-½ (26) Li,C (2732)-Dubov,D (2696) Liaocheng 2018}) 9... d3 {LiveBook: 4 Games} 10. Nc3 Be6 {The position is equal.} 11. Nd2 Qd7 12. b3 $146 ({Predecessor:} 12. a3 Na5 13. b3 Bg4 14. f3 Be6 15. Bb2 a6 16. Kh1 {0-1 (30) Birjukov,S (2215)-Evdokimenko,V (2313) Anapa 2008}) 12... O-O-O 13. Bb2 h5 14. h4 Be7 15. Nf3 ({White should play} 15. a3 $11) 15... Ng4 (15... Bg4 $15 16. Qd2 Bxf3 17. Bxf3 Bb4) 16. Nd5 e4 17. Nd4 Bxd5 18. cxd5 Qxd5 19. Nxc6 bxc6 20. Rc1 f5 $36 {[%mdl 2048] Black has the initiative.} 21. Qd2 Bf6 {Threatens to win with ...Bxb2.} 22. Ba3 Ne5 23. Rc5 {[#]} Qe6 $1 24. Qa5 Kb7 25. Rfc1 (25. Bb2 $17 {was necessary.} Nf3+ {[%mdl 64] Discovered Attack} 26. Bxf3 Bxb2 27. Bxh5) 25... Rd5 $19 ({Don't do} 25... Ka8 26. Bb4 $17) 26. Bh3 {[#]} (26. Qa4 $17 {keeps fighting.}) 26... Bd8 $1 27. Qc3 Bb6 28. Rxd5 cxd5 29. Kf1 g6 30. Bb2 Re8 {[%cal Bh8e8,Be8e7,Be7c7][%mdl 32]} 31. a4 {White wants to play a5.} Nc6 32. Qg7+ Re7 33. Qh8 (33. Qh6 $142) 33... Rc7 {Accuracy: White = 23%, Black = 68%.} 0-1

[Event "Festival Szmetan-Giardelli 2018"]
[Site "Buenos Aires"]
[Date "2018.12.09"]
[Round "6"]
[White "Bacallao Alonso, Yusnel"]
[Black "Iturrizaga Bonelli, Eduardo"]
[Result "1/2-1/2"]
[WhiteElo "2582"]
[BlackElo "2628"]
[Annotator "ChessBase"]
[PlyCount "34"]
[EventDate "2018.12.04"]
[EventType "tourn"]
[EventCountry "ARG"]
[SourceTitle "playchess.com"]
[Source "ChessBase"]
[SourceQuality "1"]
[TimeControl "40/5400+30:1800+30"]

1. e4 {[%emt 0:00:57]} c6 {[%emt 0:00:37]} 2. d4 {[%emt 0:03:12]} d5 {[%emt 0:00:08]} 3. Nc3 {[%emt 0:00:13]} dxe4 {[%emt 0:00:28]} 4. Nxe4 {[%emt 0:00:07]} Bf5 {[%emt 0:04:26]} 5. Ng3 {[%emt 0:00:10]} Bg6 {[%emt 0:00:07]} 6. h4 {[%emt 0:01:08]} h6 {[%emt 0:00:10]} 7. Nf3 {[%emt 0:00:28]} Nd7 {[%emt 0:03:51]} 8. h5 {[%emt 0:00:22]} Bh7 {[%emt 0:00:06]} 9. Bd3 {[%emt 0:00:05]} Bxd3 {[%emt 0:00:08]} 10. Qxd3 {[%emt 0:00:01]} e6 {[%emt 0:01:19]} 11. Bd2 {[%emt 0:05:49]} Ngf6 {[%emt 0:00:54]} 12. O-O-O {[%emt 0:01:58]} Be7 {[%emt 0:00:18]} 13. Ne4 {[%emt 0:02:36]} Nxe4 {[%emt 0:00:08]} 14. Qxe4 {[%emt 0:00:08]} Nf6 {[%emt 0:00:08]} 15. Qe2 {[%emt 0:00:05]} Qd5 {[%emt 0:00:05]} 16. Kb1 {[%emt 0:00:42]} Qe4 {[%emt 0:00:10]} 17. Qxe4 {[%emt 0:01:29]} Nxe4 {[%emt 0:00:07]} 1/2-1/2

[Event "Festival Szmetan-Giardelli 2018"]
[Site "Buenos Aires"]
[Date "2018.12.09"]
[Round "6"]
[White "Perez Ponsa, Federico"]
[Black "Pichot, Alan"]
[Result "1/2-1/2"]
[WhiteElo "2554"]
[BlackElo "2562"]
[Annotator "TA"]
[PlyCount "42"]
[EventDate "2018.12.04"]
[EventType "tourn"]
[EventCountry "ARG"]
[SourceTitle "playchess.com"]
[Source "ChessBase"]
[SourceQuality "1"]

{[%evp 24,42,10,9,10,12,13,-10,6,2,10,10,29999,0,4,0,12,0,431,12,12]} 1. e4 c5 2. Nf3 Nc6 3. d4 cxd4 4. Nxd4 Nf6 5. Nc3 d6 6. f3 e5 7. Nb3 Be6 8. Be3 d5 {B56: Classical Sicilian: Unusual Lines} (8... Be7 9. Qd2 d5 10. exd5 Nxd5 11. Nxd5 Qxd5 12. Qxd5 Bxd5 13. O-O-O O-O-O 14. Bb5 Kc7 15. Rhe1 Bh4 16. Rf1 b6 {½-½ (51) Daulyte,D (2447)-Can,E (2603) Reykjavik 2018}) 9. exd5 Nxd5 10. Nxd5 Qxd5 11. Qxd5 Bxd5 12. O-O-O O-O-O 13. Bb5 {LiveBook: 7 Games} a6 14. Bxc6 Bxc6 15. Bb6 {[%csl Gb6][%cal Rd1d8]} Rxd1+ $146 ({Predecessor:} 15... Rd6 16. Na5 {½-½ (37) Kostitsina,L-Osmanodja,F (1936) Herceg Novi 2008}) 16. Rxd1 {[%csl Gb6][%cal Rd1d8]} Be7 17. Na5 Bf8 $2 {[%mdl 8192] [#]} (17... Bd7 $11) 18. Be3 $2 (18. Rd8# {mates}) 18... Bb5 $11 19. c4 Ba4 20. b3 Be7 $2 {[%mdl 8192]} (20... Bd7 $11 {and Black stays safe.}) 21. Bb6 $2 {[#]} (21. bxa4 $18 {aiming for Bb6.} Rd8 22. Rd5) 21... Bd7 {Accuracy: White = 26%, Black = 19%.} 1/2-1/2

[Event "Festival Szmetan-Giardelli 2018"]
[Site "Buenos Aires"]
[Date "2018.12.09"]
[Round "6"]
[White "El Debs, Felipe de Cresce"]
[Black "Flores, Diego"]
[Result "1-0"]
[WhiteElo "2544"]
[BlackElo "2631"]
[Annotator "TA"]
[PlyCount "115"]
[EventDate "2018.12.04"]
[EventType "tourn"]
[EventCountry "ARG"]
[SourceTitle "playchess.com"]
[Source "ChessBase"]
[SourceQuality "1"]

{[%evp 9,115,0,29,-23,-25,-16,-27,-23,-16,-46,-24,-45,-20,-25,-8,-7,-18,-30,0,-8,-9,-36,-35,-47,-16,-62,81,64,63,48,43,0,0,0,135,133,128,155,223,56,80,31,46,45,39,53,100,86,159,168,167,166,165,159,197,191,188,187,182,192,218,218,215,214,213,204,259,247,232,223,329,251,332,319,319,309,402,413,443,441,443,434,459,459,664,664,598,576,11435,4940,4911,4911,29959,29963,29961,29963,29970,29971,29970,29967,5639,5632,5302,5302,5520,5302,1325,1198]} 1. e4 c5 2. Nf3 e6 3. b3 a6 4. Bb2 Nc6 5. c4 Nge7 {LiveBook: 16 Games} (5... Nf6 6. e5 Ng4 7. h3 Nh6 8. g4 d6 9. Bg2 dxe5 10. Nxe5 Nxe5 11. Bxe5 f6 12. Bb2 Nf7 13. d4 cxd4 14. Qxd4 {0-1 (32) Onischuk,V (2637)-Svidler,P (2765) Riadh 2017}) 6. g3 $146 {B40: Sicilian: 2...e6, Unusual lines} (6. d4 $142) ({Predecessor:} 6. Nc3 Ng6 7. g3 Bd6 8. d4 cxd4 9. Nxd4 Nxd4 10. Qxd4 Be5 11. Qd2 d6 12. Bg2 h5 13. f4 {1-0 (71) Onischuk,V (2601)-Bosiocic,M (2591) Doha 2016}) 6... d5 $11 7. exd5 exd5 8. Bg2 {Black has an edge.} d4 9. O-O Ng6 10. Na3 Bd6 11. Re1+ Be6 12. d3 O-O 13. Nc2 Qd7 14. b4 Bg4 15. Qd2 h6 16. bxc5 Bxc5 17. Rab1 f5 (17... b5 $15 {stays ahead.}) 18. Nfxd4 f4 $1 19. Bd5+ Kh7 20. Kh1 (20. Bc3 {looks sharper.} Rad8 21. Re4 Bh3 22. Ne1 Bxd4 23. Bxd4 b5 24. Bb6) 20... fxg3 $1 21. fxg3 Nxd4 (21... Nce5 $11) 22. Bxd4 $16 Bxd4 23. Nxd4 b5 (23... Rab8 $16 24. Ne6 Rfe8) 24. Rf1 $2 {[#]} ({Better is} 24. Bxa8 $18 Rxa8 25. Qb2) 24... Bh3 $14 25. Rxf8 Rxf8 26. Qe3 Re8 27. Qf3 $36 {[%mdl 2048] And now Bc6 would win. White has good play.} Ne5 28. Qe4+ Ng6 {[#]} (28... g6 $142) 29. Bc6 $1 $16 ({Don't play} 29. Qf3 $6 Ne5 $16) 29... Rxe4 30. Bxd7 Rxd4 31. Bxh3 $18 {[%mdl 4096] Endgame KRB-KRN} Ne5 32. cxb5 axb5 33. Rxb5 Nxd3 34. Bf5+ g6 35. Rb7+ Kh8 36. Bxg6 Ne5 37. Bh5 Rd2 38. a4 Ra2 39. Ra7 Nd3 (39... Nc6 $142 40. Ra6 Nb4 41. Rxh6+ Kg7) 40. Kg1 Ra1+ 41. Kg2 Ra2+ 42. Kh3 Nf2+ 43. Kh4 Ne4 44. h3 Ra3 45. Bg4 Nxg3 46. a5 {[%cal Ba4a5,Ba5a6,Ba6a7][%mdl 32]} Kg8 (46... h5 $142 47. Bc8 Rc3) 47. a6 Ne4 48. Re7 h5 49. Kxh5 Ra5+ 50. Kh4 Nd6 51. a7 Kf8 52. Rd7 Nf7 53. Bh5 Ra4+ 54. Kg3 Ra3+ 55. Kg2 {White is clearly winning.} Ra2+ 56. Kf1 Ra1+ 57. Ke2 Ra2+ 58. Kd1 {Accuracy: White = 66%, Black = 41%.} 1-0